The shorter Oxford english dictionary on historical principles

Gorde:
Xehetasun bibliografikoak
Egile Nagusiak: Little, William (autor), Fowler, H. W (Egilea), Coulson, Jessie (Egilea)
Formatua: Liburua
Hizkuntza:ingelesa
Argitaratua: Londres Oxford University 1973
Gaiak:
Etiketak: Etiketa erantsi
Etiketarik gabe, Izan zaitez lehena erregistro honi etiketa jartzen!

MARC

LEADER 00000nam a2200000 a 4500
001 UCT3319
003 CL-VaPUC
008 961018e19730000UK |||||||||||||||||eng|d
082 0 4 |a 423  |b LIT  |2 21 
100 |a Little, William  |e autor  |9 372238 
700 0 |a Fowler, H. W  |e author  |9 372239 
700 0 |a Coulson, Jessie  |e author  |9 372240 
245 1 4 |a The shorter Oxford english dictionary on historical principles 
300 |a 2 v 
942 |c BK 
945 |d 19961018 00:00:00  |a lriquelm 
260 |a Londres  |b Oxford University  |c 1973 
500 |a v.1: A - Markworthy 
500 |a v.2: Marl - Z and Addenda 
650 0 |a Lingüística  |9 265068 
650 0 |a Inglés  |9 260023 
650 0 |a Diccionarios  |9 256200 
650 0 |a Glosarios  |9 261047 
650 7 |a DOCUMENTOS PRIMARIOS  |2 CL-VaPUC  |9 350391 
583 |a last modification  |c 19961018 00:00:00  |k Rodrigo Vera 
999 |c 253012  |d 253010 
952 |0 0  |1 0  |4 0  |6 423_000000000000000_LIT_1973  |7 0  |8 X  |9 273332  |a BIBCUR  |b BIBCUR  |d 2019-11-19  |h v.1  |i 1767607  |o 423 LIT 1973  |p 1767607  |r 2025-04-22  |w 2019-11-19  |y BK_X  |k BCB 
952 |0 0  |1 0  |4 0  |6 423_000000000000000_LIT_1973  |7 0  |8 X  |9 273333  |a BIBCUR  |b BIBCUR  |d 2019-11-19  |h v.2  |i 1767658  |o 423 LIT 1973  |p 1767658  |r 2025-04-22  |w 2019-11-19  |y BK_X  |k BCB 
952 |0 0  |1 0  |4 0  |6 423_000000000000000_LIT_1973  |7 0  |8 F  |9 273334  |a BIBARQ  |b BIBARQ  |d 2019-11-19  |h v.1  |i 4524721  |o 423 LIT 1973  |p 4524721  |r 2025-01-20  |w 2019-11-19  |y BK_F  |k ARQ 
952 |0 0  |1 0  |4 0  |6 423_000000000000000_LIT_1973  |7 0  |8 F  |9 273335  |a BIBARQ  |b BIBARQ  |d 2019-11-19  |h v.2  |i 452473K  |o 423 LIT 1973  |p 452473K  |r 2025-01-20  |w 2019-11-19  |y BK_F  |k ARQ